Statistics for Furniture by Picture

Click here to take the quiz!

General Stats

  • This quiz has been taken 200 times
  • The average score is 7 of 8

Answer Stats

Answer% Correct
Bed
100%
Chair
99%
Table
97%
Toilet
91%
Washing Machine
91%
Couch
89%
Bookshelf
88%
Drawers
62%

Score Distribution

Percentile by Number Answered

Percent of People with Each Score

Your Score History

You have not taken this quiz